Google Translate Languages - Statistics

General Stats
  • This quiz has been taken 22 times
  • The average score is 138 of 249
Answer Stats
ID Family Language Text to Speech Dictation Support Introduction (YY-MM) Most Spoken Countries Script % Correct
afrikaans 1Germanic Afrikaans 09 - 08 South Africa Latin
94%
arabic 7Semitic Arabic 06 - 04 Egypt / Saudi Arabia Arabic/Latin
94%
armenian 1Armenian Armenian 10 - 05 Armenia Armenian/Latin
94%
bulgarian 1Slavic Bulgarian 08 - 05 Bulgaria Cyrillic/Latin
94%
cantonese 2Sinitic Cantonese 24 - 06 China (Guangdong / Hong Kong) ChineseTrad/Latin
94%
chinese-simplified 2Sinitic Chinese (Simplified) 06 - 04 China ChineseSimp/Latin
94%
chinese-traditional 2Sinitic Chinese (Traditional) 07 - 02 Taiwan ChineseTrad/Latin
94%
croatian 1Slavic Croatian 08 - 05 Croatia Latin
94%
czech 1Slavic Czech 08 - 05 Czech Republic Latin
94%
danish 1Germanic Danish 08 - 05 Denmark Latin
94%
dutch 1Germanic Dutch 07 - 10 Netherlands Latin
94%
english 1Germanic English 06 - 04 United States / United Kingdom Latin
94%
french 1Italic French 06 - 04 France Latin
94%
frenchcanada 1Italic French (Canada) 24 - 10 Canada Latin
94%
georgian 8Kartvelian Georgian 10 - 05 Georgia Georgian/Latin
94%
german 1Germanic German 06 - 04 Germany Latin
94%
hindi 1IndoAryan Hindi 08 - 01 India Hindi/Latin
94%
icelandic 1Germanic Icelandic 09 - 08 Iceland Latin
94%
irish 1Celtic Irish 09 - 08 Ireland Latin
94%
italian 1Italic Italian 06 - 04 Italy Latin
94%
korean AKoreanic Korean 06 - 04 South Korea / North Korea Korean/Latin
94%
latin 1Italic Latin 10 - 09 Vatican City / Italy Latin
94%
latvian 1Baltic Latvian 08 - 09 Latvia Latin
94%
luxembourgish 1Germanic Luxembourgish 16 - 02 Luxembourg Latin
94%
maltese 7Semitic Maltese 09 - 01 Malta Latin
94%
persian 1Iranian Persian 09 - 06 Iran / Afghanistan Arabic/Latin
94%
polish 1Slavic Polish 08 - 05 Poland Latin
94%
portuguesebrazil 1Italic Portuguese (Brazil) 06 - 04 Brazil Latin
94%
portugueseportugal 1Italic Portuguese (Portugal) 24 - 06 Portugal Latin
94%
russian 1Slavic Russian 06 - 12 Russia Cyrillic/Latin
94%
scots-gaelic 1Celtic Scots Gaelic 16 - 02 Scotland Latin
94%
slovak 1Slavic Slovak 08 - 09 Slovakia Latin
94%
slovenian 1Slavic Slovenian 08 - 09 Slovenia Latin
94%
spanish 1Italic Spanish 06 - 04 Spain / Mexico Latin
94%
swedish 1Germanic Swedish 08 - 05 Sweden Latin
94%
thai AKraDai Thai 09 - 01 Thailand Thai/Latin
94%
turkish 9Oghuz Turkish 09 - 01 Turkey Latin
94%
ukrainian 1Slavic Ukrainian 08 - 09 Ukraine Cyrillic/Latin
94%
vietnamese AAustroasiatic Vietnamese 08 - 09 Vietnam Latin
94%
albanian 1Albanian Albanian 09 - 01 Albania / Kosovo Latin
88%
bengali 1IndoAryan Bengali 11 - 06 Bangladesh / India Bengali/Latin
88%
bosnian 1Slavic Bosnian 13 - 05 Bosnia and Herzegovina Latin
88%
dari 1Iranian Dari 24 - 06 Afghanistan Arabic/Latin
88%
estonian AUralic Estonian 09 - 01 Estonia Latin
88%
filipinotagalog 3Phillipine Filipino 08 - 09 Philippines Latin
88%
finnish AUralic Finnish 08 - 05 Finland Latin
88%
greek 1Hellenic Greek 07 - 10 Greece Greek/Latin
88%
hmongdaw AHmongMien Hmong 13 - 05 China / Laos Latin
88%
hungarian AUralic Hungarian 09 - 01 Hungary Latin
88%
japanese AJaponic Japanese 06 - 04 Japan Japanese/Latin
88%
khmer AAustroasiatic Khmer 13 - 04 Cambodia Khmer/Latin
88%
lithuanian 1Baltic Lithuanian 08 - 09 Lithuania Latin
88%
macedonian 1Slavic Macedonian 09 - 08 North Macedonia Cyrillic/Latin
88%
malay 3Malayic Malay 09 - 08 Malaysia / Indonesia Latin
88%
malayjawi 3Malayic Malay (Jawi) 24 - 06 Malaysia / Brunei Arabic
88%
mongoliancyrillic AMongolic Mongolian 13 - 12 Mongolia Cyrillic/Latin
88%
myanmarburmese 2TibetoBurman Myanmar (Burmese) 14 - 12 Myanmar Burmese/Latin
88%
norwegianbokmal 1Germanic Norwegian 08 - 05 Norway Latin
88%
romani 1IndoAryan Romani 24 - 06 Romania / Bulgaria Latin
88%
samoan 3Oceanic Samoan 16 - 02 Samoa Latin
88%
serbiancyrillic 1Slavic Serbian 08 - 09 Serbia Cyrillic/Latin
88%
urdu 1IndoAryan Urdu 10 - 05 Pakistan / India Arabic/Latin
88%
welsh 1Celtic Welsh 09 - 08 Wales (United Kingdom) Latin
88%
azerbaijani 9Oghuz Azerbaijani 10 - 05 Azerbaijan / Iran Latin
82%
belarusian 1Slavic Belarusian 09 - 08 Belarus Cyrillic/Latin
82%
dombe 5Bantu Dombe 24 - 06 Zambia / Zimbabwe Latin
82%
fijian 3Oceanic Fijian 24 - 06 Fiji Latin
82%
gaa 5Kwa Ga 24 - 06 Ghana Latin
82%
hebrew 7Semitic Hebrew 08 - 09 Israel Hebrew/Latin
82%
indonesian 3Malayic Indonesian 08 - 09 Indonesia Latin
82%
kazakhlatin 9Kipchak Kazakh 14 - 12 Kazakhstan Cyrillic/Latin
82%
lao AKraDai Lao 12 - 09 Laos Lao/Latin
82%
maori 3Oceanic Maori 13 - 12 New Zealand Latin
82%
nepali 1IndoAryan Nepali 13 - 12 Nepal / India Devanagari/Latin
82%
romanian 1Italic Romanian 08 - 05 Romania / Moldova Latin
82%
tajik 1Iranian Tajik 14 - 12 Tajikistan Cyrillic/Latin
82%
turkmen 9Oghuz Turkmen 20 - 02 Turkmenistan Latin
82%
uzbekcyrillic 9Karluk Uzbek 14 - 12 Uzbekistan Latin
82%
zulu 5Bantu Zulu 13 - 12 South Africa Latin
82%
catalan 1Italic Catalan 08 - 09 Spain (Catalonia) Latin
76%
kurdishkurmanji 1Iranian Kurdish (Kurmanji) 16 - 02 Turkey / Syria Latin
76%
kyrgyz 9Kipchak Kyrgyz 16 - 02 Kyrgyzstan Cyrillic/Latin
76%
pashto 1Iranian Pashto 16 - 02 Afghanistan / Pakistan Arabic/Latin
76%
punjabigurmukhieastern 1IndoAryan Punjabi (Gurmukhi) 13 - 12 India Punjabi/Latin
76%
punjabishahmukhiwestern 1IndoAryan Punjabi (Shahmukhi) 24 - 06 Pakistan Arabic/Latin
76%
swahili 5Bantu Swahili 09 - 08 Tanzania / Kenya Latin
76%
tamil ADravidian Tamil 11 - 06 India / Sri Lanka Tamil/Latin
76%
basque 4Isolate Basque 10 - 05 Spain / France Latin
71%
corsican 1Italic Corsican 16 - 02 France (Corsica) Latin
71%
dzongkha 2TibetoBurman Dzongkha 24 - 06 Bhutan Tibetan/Latin
71%
galician 1Italic Galician 09 - 01 Spain (Galicia) Latin
71%
saminorth AUralic Sami (North) 24 - 06 Norway / Sweden Latin
71%
sicilian 1Italic Sicilian 24 - 06 Italy Latin
71%
somali 7Cushitic Somali 13 - 12 Somalia Latin
71%
tongan 3Oceanic Tongan 24 - 06 Tonga Latin
71%
abkhaz 8NorthwestCau Abkhaz 24 - 06 Georgia (Abkhazia) Cyrillic/Latin
65%
amharic 7Semitic Amharic 16 - 02 Ethiopia Ge'ez/Latin
65%
haitiancreole 1ItalicBasedC Haitian Creole 10 - 01 Haiti Latin
65%
hawaiian 3Oceanic Hawaiian 16 - 02 United States (Hawaii) Latin
65%
kalaallisut BEskaleut Kalaallisut 24 - 06 Greenland Latin
65%
tatar 9Kipchak Tatar 20 - 02 Russia Cyrillic/Latin
65%
telugu ADravidian Telugu 11 - 06 India Telugu/Latin
65%
uyghur 9Karluk Uyghur 20 - 02 China (Xinjiang) Arabic/Latin
65%
xhosa 5Bantu Xhosa 16 - 02 South Africa Latin
65%
crimean-tatarcyrillic 9Kipchak Crimean Tatar (Cyrillic) 24 - 06 Ukraine (Crimea) Cyrillic/Latin
59%
crimean-tatarlatin 9Kipchak Crimean Tatar (Latin) 24 - 10 Ukraine (Crimea) Latin
59%
dhivehidivehimaldivian 1IndoAryan Dhivehi 22 - 05 Maldives Thaana/Latin
59%
a 4Auxiliary Esperanto 12 - 02 International Latin
59%
faroese 1Germanic Faroese 24 - 06 Faroe Islands Latin
59%
igbo 5VoltaNiger Igbo 13 - 12 Nigeria Latin
59%
javanese 3OtherMalayoPolynesian Javanese 13 - 05 Indonesia Latin
59%
malagasy 3OtherMalayoPolynesian Malagasy 14 - 12 Madagascar Latin
59%
marathi 1IndoAryan Marathi 13 - 05 India Devanagari/Latin
59%
quechua BQuechuan Quechua 22 - 05 Peru / Bolivia Latin
59%
tamazight 7Berber Tamazight 24 - 06 Morocco / Algeria Latin
59%
tamazighttifinagh 7Berber Tamazight (Tifinagh) 24 - 06 Morocco / Algeria Tifinagh/Latin
59%
yiddish 1Germanic Yiddish 09 - 08 Israel / United States Hebrew/Latin
59%
breton 1Celtic Breton 24 - 06 France Latin
53%
chechen 8NortheastCau Chechen 24 - 06 Russia (Chechnya) Cyrillic/Latin
53%
frisian 1Germanic Frisian 16 - 02 Netherlands Latin
53%
gujarati 1IndoAryan Gujarati 11 - 06 India Gujarati/Latin
53%
lombard 1Italic Lombard 24 - 06 Italy Latin
53%
manx 1Celtic Manx 24 - 06 Isle of Man Latin
53%
marshallese 3Oceanic Marshallese 24 - 06 Marshall Islands Latin
53%
mauritiancreole 1ItalicBasedC Mauritian Creole 24 - 06 Mauritius Latin
53%
ossetian 1Iranian Ossetian 24 - 06 Russia / Georgia Cyrillic/Latin
53%
seychellois-creole 1ItalicBasedC Seychellois Creole 24 - 06 Seychelles Latin
53%
sundanese 3OtherMalayoPolynesian Sundanese 14 - 12 Indonesia Latin
53%
tetum 3OtherMalayoPolynesian Tetum 24 - 06 East Timor (Timor-Leste) Latin
53%
tibetan 2TibetoBurman Tibetan 24 - 06 China / India Tibetan/Latin
53%
venetian 1Italic Venetian 24 - 06 Italy Latin
53%
yoruba 5VoltaNiger Yoruba 13 - 12 Nigeria / Benin Latin
53%
jamaicanpatois 1GermanicBasedC Jamaican Patois 24 - 06 Jamaica Latin
47%
kinyarwanda 5Bantu Kinyarwanda 20 - 02 Rwanda Latin
47%
ligurian 1Italic Ligurian 24 - 06 Italy Latin
47%
nahuatleasternhuasteca BUtoAztecan Nahuatl (Eastern Huasteca) 24 - 06 Mexico Latin
47%
occitan 1Italic Occitan 24 - 06 France Latin
47%
rundi 5Bantu Rundi 24 - 06 Burundi Latin
47%
sinhala 1IndoAryan Sinhala 14 - 12 Sri Lanka Sinhala/Latin
47%
swati 5Bantu Swati 24 - 06 Eswatini / South Africa Latin
47%
tigrinya 7Semitic Tigrinya 22 - 05 Eritrea / Ethiopia Ge'ez/Latin
47%
tswana 5Bantu Tswana 24 - 06 Botswana / South Africa Latin
47%
yucatecmaya BMayan Yucatec Maya 24 - 06 Mexico Latin
47%
afar 7Cushitic Afar 24 - 06 Djibouti / Ethiopia Latin
41%
assamese 1IndoAryan Assamese 22 - 05 India Bengali/Latin
41%
aymara BAymaran Aymara 22 - 05 Bolivia / Peru Latin
41%
balinese 3OtherMalayoPolynesian Balinese 24 - 06 Indonesia Latin
41%
baluchi 1Iranian Baluchi 24 - 06 Pakistan / Iran Arabic/Latin
41%
cebuano 3Phillipine Cebuano 13 - 05 Philippines Latin
41%
fulani 5Senegambian Fulani 24 - 06 Nigeria / Mali Latin
41%
guarani BTupian Guarani 22 - 05 Paraguay Latin
41%
hausa 7Chadic Hausa 13 - 12 Nigeria / Niger Latin
41%
kannada ADravidian Kannada 11 - 06 India Kannada/Latin
41%
kikongo 5Bantu Kikongo 24 - 06 Democratic Republic of the Congo / Angola Latin
41%
limburgish 1Germanic Limburgish 24 - 06 Netherlands / Belgium Latin
41%
malayalam ADravidian Malayalam 14 - 12 India Malayalam/Latin
41%
odiaoriya 1IndoAryan Odia (Oriya) 20 - 02 India Odia/Latin
41%
sanskrit 1IndoAryan Sanskrit 22 - 05 India Devanagari/Latin
41%
sesotho 5Bantu Sesotho 14 - 12 Lesotho / South Africa Latin
41%
silesian 1Slavic Silesian 24 - 06 Poland Latin
41%
sindhi 1IndoAryan Sindhi 16 - 02 Pakistan / India Arabic/Latin
41%
tahitian 3Oceanic Tahitian 24 - 06 French Polynesia (France) Latin
41%
yakut 8Siberian Yakut 24 - 06 Russia Cyrillic/Latin
41%
acehnese 3Chamic Acehnese 24 - 06 Indonesia Latin
35%
bambara 6Mande Bambara 22 - 05 Mali Latin
35%
bashkir 9Kipchak Bashkir 24 - 06 Russia Cyrillic/Latin
35%
chichewanyanja 5Bantu Chichewa 14 - 12 Malawi Latin
35%
friulian 1Italic Friulian 24 - 06 Italy Latin
35%
komi AUralic Komi 24 - 06 Russia Cyrillic/Latin
35%
maithili 1IndoAryan Maithili 22 - 05 India / Nepal Devanagari/Latin
35%
mizo 2TibetoBurman Mizo 22 - 05 India Latin
35%
sepedi 5Bantu Sepedi 22 - 05 South Africa Latin
35%
shonachishona 5Bantu Shona 16 - 02 Zimbabwe Latin
35%
tiv 5Tivoid Tiv 24 - 06 Nigeria Latin
35%
tokpisin 1GermanicBasedC Tok Pisin 24 - 06 Papua New Guinea Latin
35%
tuvan 8Siberian Tuvan 24 - 06 Russia Cyrillic/Latin
35%
bhojpuri 1IndoAryan Bhojpuri 22 - 05 India / Nepal Devanagari/Latin
29%
buryat AMongolic Buryat 24 - 06 Russia Cyrillic/Latin
29%
chuvash 9Oghuric Chuvash 24 - 06 Russia Cyrillic/Latin
29%
ewe 5VoltaNiger Ewe 22 - 05 Ghana / Togo Latin
29%
hunsrik 1Germanic Hunsrik 24 - 06 Brazil / Germany Latin
29%
latgalian 1Baltic Latgalian 24 - 06 Latvia Latin
29%
luganda 5Bantu Luganda 22 - 05 Uganda Latin
29%
madurese 3OtherMalayoPolynesian Madurese 24 - 06 Indonesia Latin
29%
meadowmari AUralic Meadow Mari 24 - 06 Russia Cyrillic/Latin
29%
meiteilonmanipuri 2TibetoBurman Meiteilon (Manipuri) 22 - 05 India Meitei Mayek/Latin
29%
oromo 7Cushitic Oromo 22 - 05 Ethiopia / Kenya Latin
29%
shan AKraDai Shan 24 - 06 Myanmar Burmese/Latin
29%
udmurt AUralic Udmurt 24 - 06 Russia Cyrillic/Latin
29%
venda 5Bantu Venda 24 - 06 South Africa Latin
29%
wolof 5Senegambian Wolof 24 - 06 Senegal Latin
29%
zapotec BOtoManguean Zapotec 24 - 06 Mexico Latin
29%
avar 8NortheastCau Avar 24 - 06 Russia (Dagestan) Cyrillic/Latin
24%
awadhi 1IndoAryan Awadhi 24 - 06 India Devanagari/Latin
24%
bemba 5Bantu Bemba 24 - 06 Zambia Latin
24%
bikol 3Phillipine Bikol 24 - 06 Philippines Latin
24%
chamorro 3OtherMalayoPolynesian Chamorro 24 - 06 Guam / Northern Mariana Islands Latin
24%
chuukese 3Oceanic Chuukese 24 - 06 Federated States of Micronesia Latin
24%
dinka 6Nilotic Dinka 24 - 06 South Sudan Latin
24%
dyula 6Mande Dyula 24 - 06 Burkina Faso / Côte d'Ivoire Latin
24%
hakhachin 2TibetoBurman Hakha Chin 24 - 06 Myanmar Latin
24%
hiligaynon 3Phillipine Hiligaynon 24 - 06 Philippines Latin
24%
ilocano 3Phillipine Ilocano 22 - 05 Philippines Latin
24%
inuktitutlatin BEskaleut Inuktut (Latin) 24 - 10 Canada Latin
24%
inuktitutcanadian BEskaleut Inuktut (Syllabics) 24 - 10 Canada Canadian
24%
jingpo 2TibetoBurman Jingpo 24 - 06 Myanmar / China Latin
24%
kituba 5ACbasedC Kituba 24 - 06 Democratic Republic of the Congo / Republic of the Congo Latin
24%
kokborok 2TibetoBurman Kokborok 24 - 06 India Latin
24%
konkani 1IndoAryan Konkani 22 - 05 India Devanagari/Latin
24%
krio 1GermanicBasedC Krio 22 - 05 Sierra Leone Latin
24%
lingala 5Bantu Lingala 22 - 05 Democratic Republic of the Congo Latin
24%
luo 6Nilotic Luo 24 - 06 Kenya Latin
24%
mam BMayan Mam 24 - 06 Guatemala Latin
24%
ndebelesouth 5Bantu Ndebele (South) 24 - 06 South Africa Latin
24%
papiamento 1ItalicBasedC Papiamento 24 - 06 Aruba / Curaçao Latin
24%
qeqchi BMayan Q'eqchi' 24 - 06 Guatemala / Belize Latin
24%
sango 5ACbasedC Sango 24 - 06 Central African Republic Latin
24%
tshiluba 5Bantu Tshiluba 24 - 10 Democratic Republic of the Congo Latin
24%
twi 5Kwa Twi 22 - 05 Ghana Latin
24%
waray 3Phillipine Waray 24 - 06 Philippines Latin
24%
acholi 6Nilotic Acholi 24 - 06 Uganda Latin
18%
alur 6Nilotic Alur 24 - 06 Uganda Latin
18%
baoule 5Kwa Baoule 24 - 06 Côte d'Ivoire Latin
18%
betawi 3AustronesianBasedC Betawi 24 - 06 Indonesia Latin
18%
dogri 1IndoAryan Dogri 22 - 05 India Devanagari/Latin
18%
fon 5VoltaNiger Fon 24 - 06 Benin Latin
18%
iban 3Malayic Iban 24 - 06 Malaysia Latin
18%
kanuri 6Saharan Kanuri 24 - 06 Nigeria / Niger Latin
18%
kapampangan 3Phillipine Kapampangan 24 - 06 Philippines Latin
18%
khasi AAustroasiatic Khasi 24 - 06 India Latin
18%
kiga 5Bantu Kiga 24 - 06 Uganda Latin
18%
makassar 3OtherMalayoPolynesian Makassar 24 - 06 Indonesia Latin
18%
minang 3Malayic Minang 24 - 06 Indonesia Latin
18%
nepalbhasanewari 2TibetoBurman Nepalbhasa (Newari) 24 - 06 Nepal Devanagari/Latin
18%
nko 6Mande NKo 24 - 06 Guinea / Mali Nko
18%
nuer 6Nilotic Nuer 24 - 06 South Sudan Latin
18%
pangasinan 3Phillipine Pangasinan 24 - 06 Philippines Latin
18%
santali AAustroasiatic Santali (Latin) 24 - 06 India Latin
18%
santaliolchiki AAustroasiatic Santali (Ol Chiki) 24 - 10 India Ol Chiki
18%
susu 6Mande Susu 24 - 06 Guinea Latin
18%
tsonga 5Bantu Tsonga 22 - 05 South Africa / Mozambique Latin
18%
tulu ADravidian Tulu 24 - 06 India Kannada/Latin
18%
tumbuka 5Bantu Tumbuka 24 - 06 Malawi / Zambia Latin
18%
batakkaro 3Batak Batak Karo 24 - 06 Indonesia Latin
12%
bataksimalungun 3Batak Batak Simalungun 24 - 06 Indonesia Latin
12%
bataktoba 3Batak Batak Toba 24 - 06 Indonesia Latin
12%
kurdishsorani 1Iranian Kurdish (Sorani) 22 - 05 Iraq / Iran Arabic/Latin
12%
marwadi 1IndoAryan Marwadi 24 - 06 India Devanagari/Latin
12%
ndau 5Bantu Ndau 24 - 06 Mozambique / Zimbabwe Latin
12%
No matching quizzes found
Score Distribution
Percent of People with Each Score
Percentile by Number Answered
Your Score History
You have not taken this quiz